000 00641nam a2200277Ia 4500
005 20260324141634.0
008 008 260324s9999 xx 000 0 eng d
020 _a9780203768037
037 _aEBOOK
040 _aCRL
040 _beng
040 _cCRL
041 _2eng
041 _aeng
084 _qCRL
100 _aRonald K. Bullis
_91208939
245 0 _aSpirituality in Social Work Practice
260 _bTaylor and Francis
260 _c1996
365 _a
365 _b170
856 _uhttp://www.taylorfrancis.com/books/9780203768037
942 _cEBOOK
999 _c1812256
_d1812256